| 000 | 00661nam a2200205 a 4500 | ||
|---|---|---|---|
| 001 | 3209 | ||
| 003 | CDMR | ||
| 005 | 20131121121631.0 | ||
| 008 | 130130s1985||||||||||||||||||||||||||||d | ||
| 020 | _a8486153921 | ||
| 040 |
_aCDMR _bcat _cCDMR |
||
| 100 | 1 |
_aIzquierdo Escribano, Antonio _92328 |
|
| 245 | 1 | 0 |
_aPrensa y opinión pública _b: un modelo de análisis sociológico : la experiencia catalana _cA. Izquierdo Escribano |
| 260 |
_aBarcelona _c1985 _bMitre |
||
| 300 | _a195 p. | ||
| 490 | 0 | _aInterdisciplinar (Mitre) | |
| 650 | 0 | 4 |
_94089 _aPremsa i política _zCatalunya |
| 650 | 0 | 4 |
_93822 _aMitjans de comunicació de massa i nacionalisme |
| 942 |
_cMON _2udc |
||
| 999 |
_c3209 _d3209 |
||